Oaristes (Record no. 89666)

MARC details
000 -LEADER
campo de control de longitud fija 00579nam a2200193 i 4500
001 - NÚMERO DE CONTROL
campo de control 89666
003 - IDENTIFICADOR DE NÚMERO DE CONTROL
campo de control ES-MaACL
005 - FECHA Y HORA DE LA ÚLTIMA TRANSACCIÓN
campo de control 20230906180237.0
007 - CAMPO FIJO DE DESCRIPCIÓN FÍSICA--INFORMACIÓN GENERAL
campo de control de longitud fija t|
008 - DATOS DE LONGITUD FIJA--INFORMACIÓN GENERAL
campo de control de longitud fija 050112s1943 it ||||1| ita d
080 ## - NÚMERO DE LA CLASIFICACIÓN DECIMAL UNIVERSAL
Número de la Clasificación Decimal Universal 821.134.2-14"19"
100 1# - ENTRADA PRINCIPAL--NOMBRE DE PERSONA
Nombre de persona Villanova, Rafael Lasso de la Vega,
Títulos y otros términos asociados al nombre Marqués de,
Fechas asociadas al nombre 1890-1959
9 (RLIN) 70477
245 10 - MENCIÓN DEL TÍTULO
Título Oaristes
Resto del título : (1931-1940) /
Mención de responsabilidad, etc. Villanova.
250 ## - MENCION DE EDICION
Mención de edición [2ª ed.].
260 ## - PUBLICACIÓN, DISTRIBUCIÓN, ETC.
Lugar de publicación, distribución, etc. [S.l. :
Nombre del editor, distribuidor, etc. s.n.],
Fecha de publicación, distribución, etc. 1943 (
Lugar de fabricación/manufactura Florencia :
Fabricante J.A. Giuntina)
300 ## - DESCRIPCIÓN FÍSICA
Extensión 110 p. ;
Dimensiones 18 cm.
852 ## - LOCALIZACIÓN
Ubicación ES-MaACL
Número de control de estantería 1868-F-1
Sublocalización o colección R.23072
Holdings
Estatus retirado Estado de pérdida Estado de daño No para préstamo Colección Biblioteca de origen Biblioteca actual Ubicación en estantería Fecha de adquisición Fuente de adquisición Total de préstamos Signatura topográfica completa Código de barras Visto por última vez Precio de reemplazo Tipo de ítem Koha
        Colección de folletos Biblioteca del Ateneo de Madrid Biblioteca del Ateneo de Madrid Depósito folletos 17/01/2008     1868-F-1 1093644 23/02/2023 23/02/2023 Folleto